Lisístrata / Aristòfanes ; traducció i pròleg de Cristián Carandell
Descripción Física:
91 p. ; 18 cm
Otros Autores:
Carandell, Cristián, tr. i pr
MARC
| LEADER | 00000nam a2200000Ia 4500 | ||
|---|---|---|---|
| 001 | 10426 | ||
| 008 | 160829s1993 xx 000 0 cat d | ||
| 080 | |a L-1-175 | ||
| 100 | |a Aristòfanes |9 35377 | ||
| 245 | |a Lisístrata / Aristòfanes ; traducció i pròleg de Cristián Carandell | ||
| 250 | |a 1a reimp. | ||
| 260 | |a Barcelona : |b Institut del Teatre, Diputació de Barcelona, |c 1993 | ||
| 300 | |a 91 p. ; |c 18 cm | ||
| 490 | |a Col·lecció popular de teatre clàssic universal ; 32 | ||
| 590 | |a Premi Josep M. de Sagarra, 1987 | ||
| 700 | |a Carandell, Cristián, tr. i pr. |9 35378 | ||
| 710 | 1 | |a Institut del Teatre (Barcelona, Catalunya) |9 52662 | |
| 901 | |a Arxiu | ||
| 942 | |n 1 | ||
| 952 | |0 0 |1 0 |4 0 |6 L1175 |7 1 |9 48214 |a Arxiu |b Arxiu |d 2016-12-01 |l 0 |o L-1-175 |p 10426 |r 2016-12-01 00:00:00 |w 2016-12-01 |y ARXIU | ||
| 999 | |c 52020 |d 52020 | ||